| 000 | 00382 a2200133 4500 | ||
|---|---|---|---|
| 005 | 20250602133712.0 | ||
| 020 | _a81*259-1663-3-6 | ||
| 082 | _aLECT 658.565 MAN | ||
| 100 | _aMANDAL, S. K. | ||
| 245 | _aTotal Quality Management: Principles & Practice. | ||
| 260 |
_aNew Delhi, _bVikas House LTD, _c2005. |
||
| 300 |
_axviii, 412p.: ill.; figure, table _bIndex _c22cm |
||
| 942 |
_2ddc _cBKS |
||
| 999 |
_c3026 _d3026 |
||